000 00628nam a22001697a 4500
003 SGT
020 _a9789332518261
082 _a358.1511,HOR
100 _aHORNGREN,CHARLES T
245 _aINTRODUCTION TO MANAGEMENT ACCOUNTING
250 _a16TH
260 _aNEW DELHI
_bPEARSON
_c2014
300 _a767
650 _aMANAGEMENT ACCOUNTING
653 _aMANAGEMENT ACCOUNTING, THE BUSINESS ORGANIZATION AND PROFESSIONAL ETHICS, INTRODUCTION TO CAST BEHAVIOR, COST MANAGEMENT SYSTEMS, RELEVENT INFORMATION FOR DECISION MAKING WITH A FOCUS ON PRICING DECISIONS, FLEXIBLE BUDGETS AND VARIANCE ANALYSIS
942 _2ddc
_cFCM
999 _c9159
_d9159